| 000 -LEADER |
| fixed length control field |
01104nam a22002417a 4500 |
| 003 - CONTROL NUMBER IDENTIFIER |
| control field |
OSt |
| 005 - DATE AND TIME OF LATEST TRANSACTION |
| control field |
20180924072528.0 |
| 008 - FIXED-LENGTH DATA ELEMENTS--GENERAL INFORMATION |
| fixed length control field |
180302b xxu||||| |||| 00| 0 spa d |
| 020 ## - INTERNATIONAL STANDARD BOOK NUMBER |
| International Standard Book Number |
9501406814 |
| 040 ## - CATALOGING SOURCE |
| Transcribing agency |
PJ |
| 100 ## - ASIENTO PRINCIPAL - NOMBRE DE PERSONA |
| 9 (RLIN) |
1825 |
| Personal name |
Menéndez, Augusto Juan |
| 245 10 - MENCIÓN DE TÍTULO |
| Título propiamente dicho |
El recurso de reposición contra la sentencia de quiebra : |
| Parte restante del título |
(la oposición a la declaración de falencia) / |
| Mención de responsabilidad, etc |
Augusto Juan Menéndez; prólogo del Dr. Héctor Cámara. |
| 260 ## - PUBLICATION, DISTRIBUTION, ETC. (IMPRINT) |
| Place of publication, distribution, etc |
Buenos Aires : |
| Name of publisher, distributor, etc |
Depalma, |
| Date of publication, distribution, etc |
1993. |
| 300 ## - DESCRIPCION FISICA |
| Extent |
471 p. |
| Dimensions |
23 cm. |
| 500 ## - NOTA GENERAL |
| General note |
Notas y citas a pie de página. |
| 504 ## - NOTA DE BIBLIOGRAFÍA, ETC. |
| Bibliography, etc |
Bibliografía: p. 451-471. |
| 505 ## - FORMATTED CONTENTS NOTE |
| Title |
Contenido:<br/>Introducción -- Los recursos en el régimen concursal -- El procedimiento de impugnación de la sentencia declarativa de quiebra. Naturaleza jurídica -- Antecedentes en la legislación comparada -- Antecedentes nacionales -- Recurso de reposición. |
| 650 #0 - ASIENTO SECUNDARIO DE MATERIA - TERMINO TEMATICO |
| 9 (RLIN) |
267 |
| Topical term or geographic name as entry element |
DERECHO PROCESAL |
| 650 #0 - ASIENTO SECUNDARIO DE MATERIA - TERMINO TEMATICO |
| 9 (RLIN) |
1955 |
| Topical term or geographic name as entry element |
RECURSOS |
| 650 #0 - ASIENTO SECUNDARIO DE MATERIA - TERMINO TEMATICO |
| 9 (RLIN) |
2164 |
| Topical term or geographic name as entry element |
RECURSO DE REPOSICION (PROCESAL) |
| 700 ## - ADDED ENTRY--PERSONAL NAME |
| 9 (RLIN) |
1704 |
| Personal name |
Cámara, Héctor |
| Relator term |
prologuista |
| 942 ## - ADDED ENTRY ELEMENTS (KOHA) |
| Source of classification or shelving scheme |
|
| Koha item type |
Libros |
| Classification part |
342.955 |
| Item part |
MEN |